000 01162cam a22003497a 4500
003 CHAP
005 20220329141918.0
008 980527d1911 mx a r 00010 spa d
010 _a75615
011 _a76587
035 _a86172
040 _cCHAP
082 0 4 _a633.2
_bC3
100 0 0 _aCalvino, Mario.
_917613
245 1 0 _aPlantas forrajeras y alimenticias :
_bensayadas en la división de horticultura de la estacion agrícola central
_c/por Mario Calvino
260 _aMéxico, D.F. :
_bSecretaría de Fomento,
_c1911.
300 _a26 p. :
_bilus. ; láms.
410 _aEstación Agrícola Central
490 0 _aBoletín
_v; 53
500 _aEnc. con impresos similares
590 _aBATCH-UPD
_b10
_c20130110
_lUCH01
_h1703
590 _aBATCH-UPD
_b10
_c20130410
_lUCH01
_h1051
590 _aBATCH-UPD
_b10
_c20130914
_lUCH01
_h0651
590 _aCONVERSION
_b10
_c20130109
_lUCH01
_h1341
650 1 4 _aPlantas forrajeras.
_988943
810 0 0 _aEstación Agrícola Central
_938201
830 0 _aBoletín
_v; 53
_913507
901 _aBK
905 _aGuadalupe Pinto C.
942 _cLIBRO
949 _a633.2 C3
_bBC
_cBPP
_d861721
_eBPP
_h27686
_i86172
_sb
999 _c75615
_d75615